000 00972nam a2200277 a 4500
001 43672
003 MCM
005 20211209053731.0
008 160626s1961 pk a 000 0 engm
035 _a(BD-RjUL) 43790
035 _a(OCoLC)03308811
035 _aGLIS00422708
040 _aDLC
_cDLC
_dm.c.
_dOCL
_dBD-RjUL
_beng
041 _aeng
082 _223
_a330.9549
_bINM 1961
090 _aHC440.5
_b.P1525 no.4
099 _aHC440.5.P1525 no.4
110 2 _aInstitute of Development Economics (Pakistan)
_9134195
245 1 2 _aA measure of inflation in Pakistan, 1951-60 /
_cInstitute of Development Economics (Pakistan)
260 _aKarachi,
_c1961.
300 _a113 p. :
_bill. ;
_c23 cm.
490 1 _aIts Monographs in the economics of development,
_vno. 4
650 0 _aInflation (Finance)
_zPakistan.
_9133489
830 0 _aMonographs in the economics of development (Institute of Development Economics (Pakistan)) ;
_vno. 4.
_9134196
942 _2ddc
_cBK
999 _c43672
_d43672